00755 2200253 4500001002100000005001700021008004100038020002200079035002500101040001200126082000800138084001800146100003400164245011100198250001100309260003300320300002200353500003200375650002000407700002000427850001200447990002100459990002100480INLIS00000000001649720160124114444.0  a978-602-279-116-4 a0010-011600000000588 aYOPDYOG a638 aDEP 638 Sit B aSITIATAVA RIZEMA PUTRA, 1987- aBuku pintar budi daya kroto, ulat hongkong dan jangkrikc/ Sitiatava Rizema Putra; editor, Bagas Kurniawan aCet. 1 aYogyakartabFlashBooksc2014 a196 hlm. ; 24 cm. aBibliografi : hlm. 192-195. aTernak Serangga aBagas Kurniawan aYOPDYOG aCB-D.11/2014-498 aCB-D.11/2014-498